Riadenie nákladov na báze aktivít

Využitie metódy Activity Based Costing (ABC) v kalkuláciách. Účel kalkulácie cien výrobkov. Nevýhody starej metódy kalkulácie cien. Výhody metódy ABC. Porovnanie metódy ABC a starej metódy kalkulácie.

Gespeichert in:
Bibliographische Detailangaben
1. Verfasser: Veščičík, Milan
Format: Buchkapitel
Sprache:Slowakisch
Schlagworte:
Tags: Tag hinzufügen
Keine Tags, Fügen Sie das erste Tag hinzu!

MARC

LEADER 00000naa a2200000 4500
001 r030701
005 20230921083339.8
041 0 |a slo 
044 |a SK 
245 1 0 |a Riadenie nákladov na báze aktivít  |c Milan Veščičík 
520 |a Využitie metódy Activity Based Costing (ABC) v kalkuláciách. Účel kalkulácie cien výrobkov. Nevýhody starej metódy kalkulácie cien. Výhody metódy ABC. Porovnanie metódy ABC a starej metódy kalkulácie. 
610 2 0 |a riadenie 
610 2 0 |a náklady 
610 2 0 |a kalkulácia 
610 2 0 |a kalkulácia cenová 
610 2 0 |a výrobky 
610 2 0 |a metóda ABC 
100 1 |a Veščičík, Milan